| 000 | 00588nam a22001937a 4500 | ||
|---|---|---|---|
| 005 | 20251108171044.0 | ||
| 008 | 250721s2000 xx 000 0 ara d | ||
| 082 | 1 | 4 | _a500.4/زوك |
| 100 | 1 | _aزدكاد، إياد | |
| 245 | 1 | 0 | _aالمرجع الشامل لبرنامج microsoft excel 2000 / |
| 264 | 1 |
_aدمشق : _bدار الرضا للنشر، _c2000. |
|
| 300 | _a2ج | ||
| 490 | 0 | _aسلسلة الرضا للمعلومات | |
| 650 | 1 | 7 | _aالحواسيب |
| 650 | 1 | 7 | _aلغات البرمجة |
| 700 | 1 | _aالضماد، محمد | |
| 942 |
_2ddc _cBK |
||
| 999 |
_c55433 _d55433 |
||